000
00265 a2200121 4500
001
64419
082
_a
005.133 LIP
090
_c
38048
_d
38048
100
_a
Lippman S B
245
_a
C ++ Primer
260
_a
California
_b
Addison Wesley
_c
1989
300
_a
464p
942
_a
NUST-CAE
_k
005.133 LIP
999
_c
299492
_d
299492